000 00680nam a2200289Ia 4500
005 20260324134140.0
008 008 260324s9999 xx 000 0 eng d
020 _a9780203735633
037 _aEBOOK
040 _aCRL
040 _beng
040 _cCRL
041 _2eng
041 _aeng
084 _qCRL
100 _aHenry Ford
_91195751
245 0 _aToday and Tomorrow
245 0 _bCommemorative Edition of Ford's 1926 Classic
260 _bTaylor and Francis
260 _c2002
365 _a
365 _b67.99
856 _uhttp://www.taylorfrancis.com/books/9780203735633
942 _cEBOOK
999 _c1795505
_d1795505